| 000 | 00385nam a2200109Ia 4500 | ||
|---|---|---|---|
| 005 | 20251222153642.0 | ||
| 008 | 251222s9999||||xx |||||||||||||| ||spa|| | ||
| 082 | _a371.716/N26/Ej.3 | ||
| 100 | _a"Nascimento Souza, Maria Helena doBismarck-Nasr, Elizabeth MariaSimées Ollertz, Miriam Isabel" | ||
| 245 | 0 | _aSalud y nutrición en guarderéas y centros de educación infantil | |
| 942 | _cLIB | ||
| 999 |
_c32762 _d32762 |
||